000 00646nam a2200241Ia 4500
003 OSt
005 20221007100915.0
006 a|||||r|||| 00| 0
007 ta
008 221006b |||||||| |||| 00| 0 eng d
024 _a5,416
037 _cTextual
040 _aLCO
_cLCO
_beng
041 _2eng
_aeng
082 _aZ2,315qN32, L2
100 _aKulshreshtha V.D.
_9242124
245 0 _aIndian Partnership Act
260 _aLucknow
_bEastern Book Company India
_c1972
300 _a210
650 _aPARTNERSHIP ACT
_9686296
942 _hZ2,315qN32, L2
_cTEXL
999 _c1174979
_d1174979